[Event "25th Czech Rapid G1 2014"]
[Site "Pardubice CZE"]
[Date "2014.07.17"]
[Round "8.6"]
[White "Potapov, Alexander1"]
[Black "Oparin, Grigoriy"]
[Result "1/2-1/2"]
[WhiteTitle "GM"]
[BlackTitle "GM"]
[WhiteElo "2399"]
[BlackElo "2550"]
[WhiteFideId "4115074"]
[BlackFideId "24125890"]
[EventDate "2014.07.16"]

1. d4 Nf6 2. c4 e6 3. Nc3 Bb4 4. g3 c5 5. Nf3 cxd4 6. Nxd4 Ne4 7. Qd3 Qa5 8. Nb3
Nxc3 9. Nxa5 Ne4+ 10. Bd2 Bxd2+ 11. Qxd2 Nxd2 12. Kxd2 Nc6 13. Nxc6 dxc6 14. Bg2
Ke7 15. Kc3 a5 16. c5 e5 17. Rhd1 Be6 18. a4 Rhd8 19. e4 Rxd1 20. Rxd1 Rd8 21.
Rxd8 Kxd8 1/2-1/2

[Event "25th Czech Rapid G1 2014"]
[Site "Pardubice CZE"]
[Date "2014.07.17"]
[Round "8.7"]
[White "Biolek, Richard Jr."]
[Black "Petr, Martin"]
[Result "0-1"]
[WhiteTitle "IM"]
[BlackTitle "GM"]
[WhiteElo "2429"]
[BlackElo "2540"]
[WhiteFideId "319996"]
[BlackFideId "318299"]
[EventDate "2014.07.16"]

1. d4 Nf6 2. c4 g6 3. f3 e6 4. e4 d5 5. e5 Nh5 6. Be3 c5 7. Ne2 Nc6 8. cxd5 exd5
9. Nbc3 Be6 10. Qd2 Qa5 11. g4 Ng7 12. Nf4 cxd4 13. Bxd4 Bc5 14. Bb5 Bxd4 15.
Qxd4 O-O 16. Bxc6 bxc6 17. b4 Qb6 18. Rd1 Rfb8 19. a3 a5 20. Qxb6 Rxb6 21. b5
cxb5 22. Ncxd5 Rb7 23. Kd2 b4 24. axb4 axb4 25. Ra1 Rd8 26. Kc2 b3+ 27. Kb2 Bxd5
28. Nxd5 Rxd5 29. Ra8+ Ne8 30. Rxe8+ Kg7 31. e6 fxe6 32. Rxe6 Rd2+ 33. Kc3 Rf2
34. Re3 b2 35. Rb1 Rxh2 36. f4 Kf6 37. Rf3 Rg2 38. g5+ Kf5 39. Rff1 Rg4 40. Rbe1
Rxf4 0-1

[Event "25th Czech Rapid G1 2014"]
[Site "Pardubice CZE"]
[Date "2014.07.17"]
[Round "8.8"]
[White "Zpevak, Pavel"]
[Black "Babula, Vlastimil"]
[Result "0-1"]
[WhiteTitle "IM"]
[BlackTitle "GM"]
[WhiteElo "2362"]
[BlackElo "2549"]
[WhiteFideId "300586"]
[BlackFideId "301264"]
[EventDate "2014.07.16"]

1. d4 Nf6 2. Nf3 e6 3. c4 Bb4+ 4. Bd2 a5 5. g3 d6 6. Bg2 Nbd7 7. Nc3 e5 8. a3
Bxc3 9. Bxc3 e4 10. Ng5 Qe7 11. Qc2 e3 12. f3 h6 13. Nh3 d5 14. c5 g5 15. O-O-O
Nb8 16. Ng1 Nc6 17. g4 b5 18. h4 Rg8 19. hxg5 hxg5 20. Be1 b4 21. a4 b3 22. Qxb3
Rb8 23. Qa3 Ba6 24. Rh6 Bc4 25. Rd3 Bxd3 26. Qxd3 Kf8 27. Qf5 Rg6 28. Rxg6 fxg6
29. Qxg6 Qg7 30. Qd3 Nb4 31. Qf5 Nc6 32. Qd3 Qh7 33. Qxe3 Nb4 34. Bxb4 Rxb4 35.
b3 Qh2 0-1

[Event "25th Czech Rapid G1 2014"]
[Site "Pardubice CZE"]
[Date "2014.07.17"]
[Round "8.9"]
[White "Zubritskiy, Artyom"]
[Black "Lalic, Bogdan"]
[Result "0-1"]
[BlackTitle "GM"]
[WhiteElo "2335"]
[BlackElo "2482"]
[WhiteFideId "4181247"]
[BlackFideId "409081"]
[EventDate "2014.07.16"]

1. d4 Nf6 2. c4 e6 3. g3 c5 4. d5 exd5 5. cxd5 d6 6. Nc3 g6 7. Bg2 Bg7 8. Nf3
O-O 9. O-O a6 10. a4 Nbd7 11. Nd2 Nh5 12. Nce4 Ndf6 13. Nxf6+ Nxf6 14. Nc4 Qe7
15. Bf4 Rd8 16. e4 Nh5 17. Be3 Rb8 18. Qc2 Bd7 19. Nb6 Nf6 20. h3 Be8 21. Rfe1
Nd7 22. Nc4 Ne5 23. Nb6 Qc7 24. a5 Bb5 25. Rad1 Nd7 26. b4 c4 27. Rc1 c3 28. f4
Re8 29. Qb3 Nxb6 30. Bxb6 Qd7 31. Rxc3 Bxc3 32. Qxc3 Rbc8 33. Qb2 Rc4 34. e5 Qf5
35. Bd4 h5 36. e6 fxe6 37. dxe6 Rxe6 38. Rxe6 Qxe6 39. Bh8 Rc7 40. Qd4 Bc6 41.
Bxc6 bxc6 42. Bf6 c5 43. bxc5 Rxc5 44. Qb2 Qe3+ 45. Kh2 Qc1 46. Qb3+ Kf8 0-1

[Event "25th Czech Rapid G1 2014"]
[Site "Pardubice CZE"]
[Date "2014.07.17"]
[Round "8.10"]
[White "Golubov, Saveliy"]
[Black "Potapov, Pavel"]
[Result "1-0"]
[BlackTitle "IM"]
[WhiteElo "2339"]
[BlackElo "2482"]
[WhiteFideId "24176729"]
[BlackFideId "4169786"]
[EventDate "2014.07.16"]

1. e4 c5 2. Nf3 Nc6 3. d4 cxd4 4. Nxd4 e5 5. Nb5 d6 6. c4 Be7 7. N1c3 a6 8. Na3
f5 9. exf5 Bxf5 10. Bd3 Be6 11. O-O Nf6 12. Be3 O-O 13. f3 Rc8 14. Rc1 b5 15.
cxb5 axb5 16. Naxb5 d5 17. Bf2 d4 18. Ne4 Nd5 19. a3 Nf4 20. b4 Bd5 21. Bg3 Qd7
22. Bxf4 Rxf4 23. Qe2 Kh8 24. Nc5 Bxc5 25. Rxc5 Rcf8 26. Rfc1 Ne7 27. Qxe5 Bxf3
28. gxf3 Rxf3 29. Bf1 Qg4+ 30. Bg2 Nf5 31. h3 Qg6 32. Rc6 Qg5 33. Rc8 d3 1-0

[Event "25th Czech Rapid G1 2014"]
[Site "Pardubice CZE"]
[Date "2014.07.17"]
[Round "8.11"]
[White "Vishnu Prasanna, V"]
[Black "Klukin, Kirill"]
[Result "1-0"]
[WhiteTitle "GM"]
[WhiteElo "2459"]
[BlackElo "2067"]
[WhiteFideId "5030692"]
[BlackFideId "24199273"]
[EventDate "2014.07.16"]

1. d4 Nf6 2. c4 g6 3. Nc3 Bg7 4. e4 d6 5. Be2 O-O 6. Be3 Na6 7. g4 e5 8. d5 c6
9. h4 cxd5 10. cxd5 Nc5 11. f3 a6 12. h5 b5 13. b4 Ncd7 14. Qd2 Qe7 15. Bd1 Bb7
16. Nge2 Rfc8 17. Ng3 Nf8 18. Rg1 N6d7 19. Kf2 a5 20. Nxb5 axb4 21. Qxb4 Nc5 22.
Be2 Ba6 23. a4 Rab8 24. Rac1 Nfd7 25. Qa3 Bf6 26. Na7 Rb3 27. Nxc8 Bxc8 28. Qxb3
Nxb3 29. Rxc8+ Nf8 30. Rb1 Nd4 31. Rbb8 Bg5 32. Rxf8+ Kg7 33. hxg6 hxg6 34. Rg8+
Kh7 35. Rh8+ Kg7 36. Rbg8+ Kf6 37. Nh5+ 1-0

[Event "25th Czech Rapid G1 2014"]
[Site "Pardubice CZE"]
[Date "2014.07.17"]
[Round "8.12"]
[White "Megaranto, Susanto"]
[Black "Vrana, Jan"]
[Result "1-0"]
[WhiteTitle "GM"]
[BlackTitle "FM"]
[WhiteElo "2532"]
[BlackElo "2374"]
[WhiteFideId "7101384"]
[BlackFideId "322369"]
[EventDate "2014.07.16"]

1. d4 d5 2. Bg5 Nf6 3. Bxf6 gxf6 4. e3 c6 5. c4 e6 6. Nc3 Be7 7. Nf3 O-O 8. Bd3
Nd7 9. Qc2 f5 10. cxd5 cxd5 11. h3 Nf6 12. g4 Ne4 13. Qb3 Bh4 14. Rh2 Nxf2 15.
Rxf2 Bxf2+ 16. Kxf2 fxg4 17. hxg4 h6 18. Rh1 Qf6 19. Ne2 b6 20. Nf4 Bb7 21. Qd1
Rfc8 22. Rh2 Kf8 23. Qh1 Qg7 24. Rxh6 Qxg4 25. Ne5 Qg5 26. Rxe6 1-0

[Event "25th Czech Rapid G1 2014"]
[Site "Pardubice CZE"]
[Date "2014.07.17"]
[Round "8.13"]
[White "Teske, Henrik"]
[Black "Sergeyev, Alexander"]
[Result "0-1"]
[WhiteTitle "GM"]
[BlackTitle "FM"]
[WhiteElo "2512"]
[BlackElo "2389"]
[WhiteFideId "4611500"]
[BlackFideId "13702076"]
[EventDate "2014.07.16"]

1. e4 e5 2. Nf3 Nf6 3. Nc3 Bb4 4. Nxe5 O-O 5. Be2 Re8 6. Nd3 Bxc3 7. dxc3 Nxe4
8. O-O Nc6 9. Be3 d6 10. Nf4 Ne5 11. Re1 Nc5 12. Bf1 b6 13. c4 Bf5 14. b3 Ng4
15. Bxc5 bxc5 16. h3 Nf6 17. Bd3 Qd7 18. Qf3 Bxd3 19. cxd3 a5 20. g4 h6 21. Kg2
a4 22. Kg3 Ra6 23. h4 Re5 24. Rab1 axb3 25. axb3 g5 26. Ng2 gxh4+ 27. Nxh4 Rg5
28. Qxf6 Qxg4+ 0-1

[Event "25th Czech Rapid G1 2014"]
[Site "Pardubice CZE"]
[Date "2014.07.17"]
[Round "8.14"]
[White "Venkatesh, M.R."]
[Black "Westerberg, Jonathan"]
[Result "1/2-1/2"]
[WhiteTitle "GM"]
[BlackTitle "FM"]
[WhiteElo "2498"]
[BlackElo "2412"]
[WhiteFideId "5005779"]
[BlackFideId "1701754"]
[EventDate "2014.07.16"]

1. Nf3 d5 2. g3 Nf6 3. Bg2 c6 4. d3 Bf5 5. Nbd2 h6 6. O-O e6 7. b3 Bh7 8. Bb2
Nbd7 9. Qe1 Be7 10. e4 O-O 11. Qe2 Qc7 12. h3 dxe4 13. dxe4 e5 14. Nh4 Rfe8 15.
Rad1 a5 16. Nf5 Bxf5 17. exf5 a4 18. Nc4 axb3 19. axb3 b5 20. Bxe5 Qb7 21. Bxf6
Bxf6 22. Nd6 Rxe2 23. Nxb7 Nb8 24. Rfe1 Rxe1+ 25. Rxe1 Ra1 26. Rxa1 Bxa1 27. Nd8
Bf6 28. Nxc6 Nxc6 29. Bxc6 b4 30. Kg2 Bc3 31. Kf3 Kf8 32. g4 Ke7 33. Ke4 Kd6 34.
Be8 Ke7 35. Bb5 Kd6 36. f4 f6 37. Kd3 Kc5 38. Be8 Be1 39. Ke4 Bd2 40. Bf7 Bc1
41. Bc4 Bd2 42. Be2 Bc1 43. h4 Bd2 44. g5 Be1 45. gxh6 gxh6 46. Kf3 h5 47. Ke4
Bxh4 48. Bxh5 Be1 1/2-1/2

[Event "25th Czech Rapid G1 2014"]
[Site "Pardubice CZE"]
[Date "2014.07.17"]
[Round "8.15"]
[White "Dolezal, Radoslav1"]
[Black "Villegas, Pierre"]
[Result "1-0"]
[WhiteTitle "IM"]
[BlackTitle "FM"]
[WhiteElo "2368"]
[BlackElo "2291"]
[WhiteFideId "304735"]
[BlackFideId "654183"]
[EventDate "2014.07.16"]

1. d4 Nf6 2. Nf3 g6 3. g3 d5 4. Bg2 Bg7 5. c4 c6 6. cxd5 cxd5 7. Ne5 O-O 8. O-O
Ne4 9. Nd2 Nxd2 10. Bxd2 Nc6 11. Nxc6 bxc6 12. Bb4 Re8 13. Qd2 Qb6 14. Bc5 Qb5
15. e3 e5 16. Rfc1 exd4 17. Bxd4 Bxd4 18. Qxd4 Be6 19. Rc5 Qa6 20. h4 h5 21. b4
Qb6 22. Qc3 Rec8 23. a3 Bd7 24. Bf3 Qd8 25. Rc1 a5 26. bxa5 Bg4 27. Bxg4 hxg4
28. Rb1 Ra6 29. Rb7 Rca8 30. h5 Qg5 31. Rxc6 Rxc6 32. Qxc6 gxh5 33. a6 1-0

[Event "25th Czech Rapid G1 2014"]
[Site "Pardubice CZE"]
[Date "2014.07.17"]
[Round "8.16"]
[White "Kourousis, Epaminondas"]
[Black "Hnydiuk, Aleksander"]
[Result "1/2-1/2"]
[BlackTitle "IM"]
[WhiteElo "2364"]
[BlackElo "2375"]
[WhiteFideId "4211626"]
[BlackFideId "1109057"]
[EventDate "2014.07.16"]

1. d4 d5 2. c4 c6 3. Nf3 Nf6 4. e3 a6 5. b3 Bf5 6. Nbd2 e6 7. Be2 h6 8. O-O Bd6
9. Bb2 O-O 10. Ne5 Nbd7 11. f4 Ne4 12. Nxe4 Bxe4 13. Rc1 Rc8 14. c5 Bb8 15. b4
f6 16. Nf3 Qe7 17. Bd3 Qe8 18. a4 Bxd3 19. Qxd3 f5 20. b5 axb5 21. axb5 Bc7 22.
Ra1 Nf6 23. Ra7 Rb8 24. b6 Bd8 25. Bc3 Ne4 26. Nd2 Bf6 27. Nxe4 dxe4 28. Qe2 h5
29. g3 g5 30. Qc4 g4 31. Rfa1 h4 32. Be1 Kg7 33. Qa2 Kg6 34. Qg2 Rh8 35. R1a2
Qd8 36. Ra1 Qd5 37. Qa2 Qd7 38. Qg2 Qh7 39. Qa2 hxg3 40. Bxg3 Qd7 41. Qf2 Qe7
42. R1a2 Qd7 43. R2a3 Qd5 44. Qa2 Rhd8 45. Qxd5 exd5 46. Kg2 Rh8 1/2-1/2

[Event "25th Czech Rapid G1 2014"]
[Site "Pardubice CZE"]
[Date "2014.07.17"]
[Round "8.17"]
[White "Setyaki, Azarya Jodi"]
[Black "Sundararajan, Kidambi"]
[Result "1/2-1/2"]
[WhiteTitle "CM"]
[BlackTitle "GM"]
[WhiteElo "2231"]
[BlackElo "2414"]
[WhiteFideId "7101589"]
[BlackFideId "5005370"]
[EventDate "2014.07.16"]

1. e4 c6 2. d4 d5 3. Nc3 dxe4 4. Nxe4 Nd7 5. Ng5 Ngf6 6. Bd3 e6 7. N1f3 Bd6 8.
Qe2 h6 9. Ne4 Nxe4 10. Qxe4 Qc7 11. O-O b6 12. Bd2 Bb7 13. Qe2 O-O 14. Rfe1 c5
15. Be4 Rac8 16. Bxb7 Qxb7 17. dxc5 Nxc5 18. c4 Rfd8 19. Bc3 Nd3 20. Red1 Nf4
21. Qf1 Qe4 22. Nd4 Bc5 23. Re1 Qg6 24. Rad1 Bxd4 25. Bxd4 Rxc4 26. Be5 Rxd1 27.
Rxd1 Qc2 28. h3 Qxd1 29. Qxd1 Rc1 30. Qxc1 Ne2+ 31. Kf1 Nxc1 32. a3 Nd3 33. Bb8
a6 34. b3 Kf8 35. Bc7 b5 36. Ke2 Nc1+ 37. Kd2 Nxb3+ 38. Kc3 Nc1 39. Kd2 Nb3+ 40.
Kc3 Nc1 1/2-1/2

[Event "25th Czech Rapid G1 2014"]
[Site "Pardubice CZE"]
[Date "2014.07.17"]
[Round "8.18"]
[White "Chernyshov, Konstantin"]
[Black "Ekdyshman, Mikhail"]
[Result "1-0"]
[WhiteTitle "GM"]
[BlackTitle "IM"]
[WhiteElo "2508"]
[BlackElo "2369"]
[WhiteFideId "4117328"]
[BlackFideId "4149416"]
[EventDate "2014.07.16"]

1. d4 d5 2. Nf3 Nc6 3. g3 Bf5 4. Bg2 Nb4 5. Na3 c6 6. O-O Nf6 7. Nh4 Be4 8. f3
Bg6 9. c3 Na6 10. e4 e6 11. e5 Nd7 12. f4 Be7 13. f5 exf5 14. Nxf5 Bxf5 15. Rxf5
O-O 16. Nc2 Nc7 17. Ne3 f6 18. exf6 Nxf6 19. Bd2 Nce8 20. Rf1 Nd6 21. Nf5 Nde4
22. Bf4 Rf7 23. Be5 Bf8 24. Qe2 g6 25. Ne3 Bg7 26. c4 Bh6 27. cxd5 Bxe3+ 28.
Qxe3 cxd5 29. Bxe4 Nxe4 30. Rxf7 Kxf7 31. Qh6 Qg8 32. Rc1 Rc8 33. Rxc8 Qxc8 34.
Qxh7+ Ke6 1-0

[Event "25th Czech Rapid G1 2014"]
[Site "Pardubice CZE"]
[Date "2014.07.17"]
[Round "8.19"]
[White "Pribyl, Josef"]
[Black "Sergeev, Vladimir"]
[Result "0-1"]
[WhiteTitle "IM"]
[BlackTitle "GM"]
[WhiteElo "2269"]
[BlackElo "2447"]
[WhiteFideId "300187"]
[BlackFideId "14101076"]
[EventDate "2014.07.16"]

1. e4 c5 2. Nf3 a6 3. g3 Nc6 4. Bg2 d6 5. O-O Nf6 6. Re1 e6 7. c3 e5 8. d4 Bg4
9. d5 Nb8 10. h3 Bh5 11. b4 Nbd7 12. Nbd2 Rc8 13. Rb1 Be7 14. b5 axb5 15. Rxb5
b6 16. Nc4 Ra8 17. Qb3 Ra6 18. Nh4 Bg6 19. f4 exf4 20. Bxf4 O-O 21. Nxg6 hxg6
22. Rb1 Nh5 23. Nxb6 g5 24. Nxd7 Qxd7 25. Rb7 Qd8 26. Rb8 Qxb8 27. Qxb8 Rxb8 28.
Rxb8+ Kh7 29. Be3 Bf6 30. Bf3 Nxg3 31. Rb2 Ra4 32. Bd1 Ra3 33. Rg2 Be5 34. Bxg5
Rxc3 35. Rc2 Ra3 36. Bc1 Rd3 37. Bg4 g6 38. a4 Nxe4 39. a5 Rg3+ 40. Kf1 f5 41.
a6 fxg4 42. a7 Rf3+ 43. Ke2 Rf8 44. hxg4 Ra8 45. Ke1 0-1

[Event "25th Czech Rapid G1 2014"]
[Site "Pardubice CZE"]
[Date "2014.07.17"]
[Round "8.20"]
[White "Jacko, Vladimir2"]
[Black "Akesson, Ralf"]
[Result "0-1"]
[WhiteTitle "FM"]
[BlackTitle "GM"]
[WhiteElo "2296"]
[BlackElo "2462"]
[WhiteFideId "14915928"]
[BlackFideId "1700120"]
[EventDate "2014.07.16"]

1. e4 c5 2. Nf3 e6 3. d4 cxd4 4. Nxd4 Nc6 5. Nc3 Qc7 6. Be2 a6 7. Be3 b5 8. Nxc6
Qxc6 9. Bf3 Bb7 10. e5 Qc7 11. Ne4 Qxe5 12. Bd4 Qc7 13. Bxg7 Bxg7 14. Nd6+ Ke7
15. Nxb7 d5 16. Bxd5 Qe5+ 17. Qe2 Qxe2+ 18. Kxe2 exd5 19. Rad1 Nf6 20. c3 Rhe8
21. Rd3 Rac8 22. Rhd1 Kd7+ 23. Kf3 Kc6 24. Na5+ Kb6 25. Nb3 Re5 26. Nd4 Rce8 27.
g4 h5 28. h3 hxg4+ 29. hxg4 Rh8 30. Nf5 Bf8 31. Ne3 Kc6 32. b3 Bc5 33. Nf5 Rh3+
34. Kf4 Rxd3 35. Rxd3 Re4+ 36. Kg5 Nxg4 37. f3 Ne5 38. Rd1 Nxf3+ 39. Kf6 Rf4 0-1

[Event "25th Czech Rapid G1 2014"]
[Site "Pardubice CZE"]
[Date "2014.07.17"]
[Round "8.21"]
[White "Jansa, Vlastimil"]
[Black "Krapivin, Vladislav"]
[Result "1-0"]
[WhiteTitle "GM"]
[BlackTitle "IM"]
[WhiteElo "2453"]
[BlackElo "2321"]
[WhiteFideId "300128"]
[BlackFideId "4126149"]
[EventDate "2014.07.16"]

1. e4 d6 2. d4 Nf6 3. Nc3 e5 4. Nf3 Nbd7 5. Bc4 Be7 6. O-O O-O 7. a4 c6 8. Re1
Nb6 9. Bd3 Bg4 10. dxe5 dxe5 11. h3 Bxf3 12. Qxf3 Nbd7 13. Bc4 h6 14. Ne2 Nh7
15. Ng3 Bg5 16. Nf5 Qf6 17. Be3 Rfe8 18. Rad1 Ndf8 19. Qg3 Bxe3 20. Qxe3 Ng5 21.
h4 Nge6 22. g3 h5 23. Qb3 Rab8 24. Qe3 Ra8 25. c3 g6 26. Nd6 Re7 27. Rd2 Rd7 28.
Red1 b6 29. Ba2 Rad8 30. b4 Kg7 31. Kh2 Qe7 32. Nc4 Rxd2 33. Rxd2 Rxd2 34. Qxd2
Qd7 35. Qd6 Qxd6 36. Nxd6 Nd7 37. Nc8 a5 38. Bxe6 fxe6 39. Kg2 Kf6 40. Kf3 c5
41. bxa5 bxa5 42. c4 Kf7 43. Ke3 Ke8 44. Kd3 Kd8 45. Nd6 Kc7 46. Nf7 Kc6 47. Kc3
Kc7 48. Kb3 Kc6 49. Kc3 Kc7 50. Kd3 Kc6 51. Nh8 Nf8 52. Ke3 Kc7 53. f4 Kc6 54.
fxe5 Nd7 55. Nxg6 Nb6 56. g4 Nxa4 57. gxh5 Nb6 58. h6 a4 59. Kd3 a3 60. Kc2 Nxc4
61. Kb3 Nd2+ 62. Kxa3 c4 63. h7 1-0

[Event "25th Czech Rapid G1 2014"]
[Site "Pardubice CZE"]
[Date "2014.07.17"]
[Round "8.22"]
[White "Bochkarev, Alexander"]
[Black "Mudrak, Josef"]
[Result "1-0"]
[WhiteTitle "FM"]
[BlackTitle "FM"]
[WhiteElo "2438"]
[BlackElo "2350"]
[WhiteFideId "4140230"]
[BlackFideId "301116"]
[EventDate "2014.07.16"]

1. e4 c5 2. Nf3 Nc6 3. Nc3 e5 4. Bc4 g6 5. d3 Bg7 6. Be3 d6 7. Ng5 Nh6 8. h4 O-O
9. f3 Kh8 10. h5 f5 11. hxg6 f4 12. Nxh7 fxe3 13. Nxf8 Bxf8 14. Nd5 Qg5 15. g4
Nd4 16. Rh3 e2 17. Qc1 Nxf3+ 18. Rxf3 Qh4+ 19. Kd2 Bxg4 20. Re3 Bg7 21. Qh1 Qg5
22. Rg1 Rf8 23. Qg2 a6 24. a4 Qh4 25. Rh1 e1=Q+ 26. Rexe1 Rf2+ 27. Qxf2 Qxf2+
28. Kc1 Bh3 29. Ne3 Bf6 30. Kb1 Kg7 31. Nd1 Qd2 32. Nc3 Bg2 33. Rhg1 Qf2 34. Nd1
Qd2 35. Ne3 Bh3 36. Bd5 Bh4 37. Nc4 Qxe1+ 38. Rxe1 Bxe1 39. Bxb7 a5 40. c3 Kxg6
41. Nxa5 Kf6 42. Nc4 Ke7 43. a5 Kd8 44. Nxd6 Kc7 45. a6 Kb8 46. Nc4 Bc8 47. Nxe5
Bxb7 48. Nd7+ Kc7 49. axb7 Kxb7 50. Nxc5+ Kc6 51. d4 Ng4 52. Kc2 Bh4 53. b4 Kb5
54. Kb3 Ne3 55. Ne6 Be7 56. d5 Bd6 57. Nd4+ Kb6 58. c4 Be5 59. c5+ Kc7 60. Nf5
Ng4 61. Kc4 Nf2 62. d6+ Kd7 63. Kd5 Bc3 64. c6+ Kd8 65. Ke6 Nxe4 66. c7+ Kc8 67.
Ne7+ 1-0

[Event "25th Czech Rapid G1 2014"]
[Site "Pardubice CZE"]
[Date "2014.07.17"]
[Round "8.23"]
[White "Belyakov, Bogdan"]
[Black "Kozlitin, Oleg"]
[Result "1-0"]
[WhiteTitle "IM"]
[BlackTitle "IM"]
[WhiteElo "2456"]
[BlackElo "2331"]
[WhiteFideId "24104795"]
[BlackFideId "4143590"]
[EventDate "2014.07.16"]

1. e4 c5 2. c3 Nf6 3. e5 Nd5 4. Nf3 Nc6 5. Bc4 Nb6 6. Bb3 g6 7. O-O Bg7 8. d4
cxd4 9. cxd4 O-O 10. Bf4 d6 11. exd6 exd6 12. h3 Bf5 13. Nc3 Na5 14. Nb5 Nxb3
15. Qxb3 Be6 16. Qa3 Nc4 17. Qb4 Qb6 18. a4 a6 19. b3 axb5 20. bxc4 Bxc4 21.
Rfe1 d5 22. a5 Qd8 23. Re7 Re8 24. Rxb7 Bf8 25. Qd2 Re2 26. Qd1 Rxa5 27. Rb8
Rxa1 28. Qxa1 Qd7 29. Qa8 Ra2 30. Rxf8+ Kg7 31. Rg8+ Kf6 32. Qb8 Qe6 33. Bg5+ 1-0

[Event "25th Czech Rapid G1 2014"]
[Site "Pardubice CZE"]
[Date "2014.07.17"]
[Round "8.24"]
[White "Raudive, Aivars"]
[Black "Zwardon, Vojtech"]
[Result "0-1"]
[WhiteTitle "FM"]
[BlackTitle "IM"]
[WhiteElo "2288"]
[BlackElo "2399"]
[WhiteFideId "11601060"]
[BlackFideId "325511"]
[EventDate "2014.07.16"]

1. e4 c5 2. Nf3 Nc6 3. Bb5 g6 4. O-O Bg7 5. c3 Nf6 6. Re1 O-O 7. h3 e5 8. Na3
Ne8 9. Nc4 Qe7 10. a4 Nc7 11. Ne3 a6 12. Bc4 d6 13. a5 Be6 14. Qb3 Bxc4 15. Nxc4
Rab8 16. d3 Kh8 17. Qc2 f5 18. Qe2 Ne6 19. Nb6 Qd8 20. Nc4 Rc8 21. Bd2 Rc7 22.
Reb1 Rcf7 23. Rf1 fxe4 24. dxe4 Rxf3 25. gxf3 Qh4 26. Kg2 Bh6 27. Be3 Bf4 28.
Rh1 Ng5 29. Nd2 Ne6 30. Kf1 Ncd8 31. Kg2 Nf7 32. Rag1 Qd8 33. Nc4 Nfg5 34. Rf1
d5 35. exd5 Qxd5 36. Rd1 Qc6 37. Rd6 Qc8 38. Nb6 Qe8 39. Rf1 e4 0-1

[Event "25th Czech Rapid G1 2014"]
[Site "Pardubice CZE"]
[Date "2014.07.17"]
[Round "8.25"]
[White "Satyapragyan, Swayangsu"]
[Black "Tokranovs, Dmitrijs"]
[Result "1-0"]
[WhiteTitle "IM"]
[WhiteElo "2393"]
[BlackElo "2297"]
[WhiteFideId "5004306"]
[BlackFideId "11603011"]
[EventDate "2014.07.16"]

1. e4 d5 2. exd5 Qxd5 3. Nc3 Qd6 4. d4 Nf6 5. Nf3 Bg4 6. h3 Bh5 7. g3 Nc6 8. Bg2
O-O-O 9. Be3 Qb4 10. g4 Bg6 11. Qc1 Qc4 12. Nd2 Qb4 13. Nb3 e6 14. a3 Qe7 15.
Bxc6 bxc6 16. Qd2 Qd7 17. Qe2 Kb8 18. Na5 Ka8 19. Qa6 Qc8 20. Qxc6+ Kb8 21. Qf3
Rd6 22. Bf4 Qa6 23. Bxd6 Bxd6 24. Nc6+ Kc8 25. Ne5 Bxe5 26. dxe5 Nd7 27. Qa8+
Nb8 28. O-O-O c6 29. Rd4 Qb6 30. Rhd1 Kc7 31. Ra4 Qxf2 32. Rxa7+ Kc8 33. Qb7# 1-0

[Event "25th Czech Rapid G1 2014"]
[Site "Pardubice CZE"]
[Date "2014.07.17"]
[Round "8.26"]
[White "Rodionova, Polina"]
[Black "Pisk, Petr"]
[Result "1/2-1/2"]
[WhiteTitle "WFM"]
[BlackTitle "IM"]
[WhiteElo "2138"]
[BlackElo "2390"]
[WhiteFideId "24102555"]
[BlackFideId "304689"]
[EventDate "2014.07.16"]

1. e4 c5 2. Nf3 d6 3. Bb5+ Bd7 4. Bxd7+ Nxd7 5. O-O Ngf6 6. Qe2 e6 7. d4 cxd4 8.
Nxd4 Be7 9. c4 O-O 10. Nc3 a6 11. b3 Qa5 12. Bb2 Qh5 13. Qxh5 Nxh5 14. Rad1 Rfe8
15. f4 Nhf6 16. h3 h5 17. Kf2 Rac8 18. Kf3 h4 19. Rfe1 Nc5 20. e5 dxe5 21. fxe5
Nh7 22. Kg4 Rcd8 23. b4 Nd7 24. c5 Ndf8 25. Nf3 f5+ 26. exf6 Nxf6+ 27. Kf4 Ng6+
28. Ke3 a5 29. a3 axb4 30. axb4 b6 31. Na4 bxc5 32. bxc5 Nd5+ 33. Kf2 Ndf4 34.
Nd4 Bf6 35. Kg1 Ra8 36. Nb6 Ra2 37. Nc4 Rb8 38. c6 Rc8 39. Re4 Bxd4+ 40. Rdxd4
Rxc6 41. Rxf4 Nxf4 42. Rxf4 Ra4 43. Ne5 Rxf4 44. Nxc6 Rc4 45. Ne5 Rc2 46. Bd4
Kh7 47. Nf3 Rc4 48. Bf2 Rc1+ 49. Kh2 Kg6 50. Nxh4+ Kf6 51. Nf3 e5 52. Nd2 Kf5
53. Be3 Rc3 54. g4+ Ke6 55. Bg5 Kd5 56. Kg2 e4 57. Nf1 Kd4 58. h4 Rc2+ 59. Kg3
Rc3+ 60. Kg2 Rc2+ 61. Kg3 Rc3+ 62. Kg2 1/2-1/2

[Event "25th Czech Rapid G1 2014"]
[Site "Pardubice CZE"]
[Date "2014.07.17"]
[Round "8.27"]
[White "Reutsky, Sergei"]
[Black "Lehmann, Holger"]
[Result "0-1"]
[WhiteTitle "IM"]
[WhiteElo "2387"]
[BlackElo "2185"]
[WhiteFideId "4157419"]
[BlackFideId "4620275"]
[EventDate "2014.07.16"]

1. e4 c5 2. Nf3 Nc6 3. Nc3 g6 4. d4 cxd4 5. Nxd4 Bg7 6. Be3 d6 7. Bc4 Nf6 8. f3
Bd7 9. Qd2 O-O 10. g4 Rc8 11. Bb3 Ne5 12. h4 b5 13. O-O-O a5 14. g5 Nh5 15. a4
Rxc3 16. Qxc3 bxa4 17. Bd5 Nxf3 18. Qa3 Ne5 19. Rhg1 Qb8 20. Rdf1 Ng4 21. Rxg4
Bxg4 22. Nc6 Qe8 23. Nxa5 Qb5 24. Nc4 Be2 25. Rxf7 Rxf7 26. Nxd6 Qxb2+ 27. Qxb2
Bxb2+ 28. Kxb2 exd6 29. Ka3 Kf8 30. Bxf7 Kxf7 31. Kxa4 Ke6 0-1

[Event "25th Czech Rapid G1 2014"]
[Site "Pardubice CZE"]
[Date "2014.07.17"]
[Round "8.28"]
[White "Ageichenko, Genadi A"]
[Black "Cerveny, Martin"]
[Result "1/2-1/2"]
[WhiteTitle "IM"]
[BlackTitle "FM"]
[WhiteElo "2297"]
[BlackElo "2375"]
[WhiteFideId "4105222"]
[BlackFideId "321141"]
[EventDate "2014.07.16"]

1. d4 d5 2. c4 c6 3. Nf3 Nf6 4. cxd5 cxd5 5. Nc3 Nc6 6. Bf4 a6 7. Rc1 Qb6 8. Na4
Qa5+ 9. Bd2 Qd8 10. Qb3 Ne4 11. e3 Nxd2 12. Nxd2 e6 13. Nb6 Rb8 14. Bd3 Be7 15.
Nxc8 Qxc8 16. Bxa6 O-O 17. Bd3 Qd8 18. O-O Bd6 19. Nf3 g5 20. g3 Qf6 21. Qd1 Kg7
22. a3 h5 23. b4 h4 24. gxh4 gxh4 25. Kh1 Rh8 26. Rg1+ Kf8 27. Qe2 h3 28. b5 Ne7
29. a4 Nf5 30. a5 Ke7 31. a6 b6 32. Rc6 Rbg8 33. Rxb6 Rxg1+ 34. Nxg1 Qg7 35. Qf1
Nh4 36. Rb7+ Kf6 37. Qxh3 Nf5 38. Bxf5 exf5 39. Qg2 Rxh2+ 40. Qxh2 Bxh2 41. Kxh2
Qh8+ 42. Kg2 Qg8+ 43. Kf1 Qc8 44. Nf3 f4 45. exf4 Qc1+ 46. Kg2 Qxf4 47. Ne5 Qxd4
48. Nd7+ Kg5 49. a7 Qg4+ 50. Kf1 Qd1+ 51. Kg2 Qg4+ 1/2-1/2